| 000 | 00501nam a22001697a 4500 | ||
|---|---|---|---|
| 005 | 20240313141102.0 | ||
| 008 | 240313b |||||||| |||| 00| 0 eng d | ||
| 022 | _a02577747 | ||
| 041 | _aAfrikaans / English | ||
| 082 | _a349 TYD | ||
| 100 | _lAfrikaans / English | ||
| 245 | _aTydskrif vir die Suid-Afrikaanse Reg | ||
| 260 |
_aKaapstad : _bJuta en Kie Beperk, _c2012 |
||
| 300 |
_b203 blaadsye ; _c25 cm. |
||
| 650 |
_aLegal practice _bLaw |
||
| 942 |
_cCR _6ALISON_BN_VRIES |
||
| 999 |
_c1446 _d1446 |
||